Riddle of Freud: Jewish influences on his theory of female sexuality (Record no. 1378921)

MARC details
000 -LEADER
fixed length control field 00680nam a2200229Ia 4500
005 - DATE AND TIME OF LATEST TRANSACTION
control field 20250508162828.0
008 - FIXED-LENGTH DATA ELEMENTS--GENERAL INFORMATION
fixed length control field 008 250505s9999 xx 000 0 eng d
020 ## - INTERNATIONAL STANDARD BOOK NUMBER
International Standard Book Number 0-422-61380-0
037 ## - SOURCE OF ACQUISITION
Stock number Textual
040 ## - CATALOGING SOURCE
Original cataloging agency FEDL
Language of cataloging eng
Transcribing agency FEDL
041 ## - LANGUAGE CODE
Language code of text/sound track or separate title eng
Source of code eng
084 ## - COLON CLASSIFICATION NUMBER
Classification number 150.195, ROI
Assigning agency FEDL
100 ## - MAIN ENTRY--PERSONAL NAME
Personal name Roith Estelle
9 (RLIN) 774131
245 #0 - TITLE STATEMENT
Title Riddle of Freud: Jewish influences on his theory of female sexuality
260 ## - PUBLICATION, DISTRIBUTION, ETC.
Place of publication, distribution, etc. London, UK
Name of publisher, distributor, etc. Tavistock Publications Limited
Date of publication, distribution, etc. 1987
300 ## - PHYSICAL DESCRIPTION
Extent 199p.
365 ## - TRADE PRICE
Price type code GBP
Price amount 25
490 ## - SERIES STATEMENT
Series statement New library of psychoanalysis 4
650 ## - SUBJECT ADDED ENTRY--TOPICAL TERM
Topical term or geographic name entry element Psychology
942 ## - ADDED ENTRY ELEMENTS (KOHA)
Koha item type Textual
Classification part 150.195, ROI
Holdings
Withdrawn status Lost status Damaged status Not for loan Home library Current library Date acquired Cost, normal purchase price Total Checkouts Full call number Barcode Date last seen Price effective from Koha item type
        Department of Education Library Department of Education Library 2025-05-08 25.00   150.195, ROI EL0071760 2025-05-08 2025-05-08 Textual
Copyright @ Delhi University Library System